00466nam a2200109Ia 4500008004100000100002500041245011500066260006300181300002000244650001700264856007500281160712s9999 xx 000 0 und d aGómez, Oscar A. S. cOscar A. Gómez S.aIntroducing the “Human” into Philippine Security Discourses: Convergence or Dialogue? c2011bKasarinlan Philippine Journal of Third World Studies avol. 26 no. 1-2 xINDEPENDENCE uhttp://journals.upd.edu.ph/index.php/kasarinlan/issue/view/331/showToc